000 00937nam a22003017a 4500
001 BR9101404
003 BR-BrBNA
005 20230928093540.0
007 ta
008 230509b bl.||||| |||| 00| 0 por d
040 _aBR-BrBNA
_bpor
_cBiblioteca Nacional de Agricultura
041 _a(Por)
072 _aE14; C20; E20
_b/G514
090 _ E14 BR9101404
110 1 _aEmpresa de Assistencia Tecnica e Extensao Rural do Estado do Acre, Rio Branco (Brasil)
_94034
245 1 _aRelatorio de atividades 1986 - Empresa de Assistencia Tecnica e Extensao Rural do Estado do Acre
260 3 _aRio Branco, AC (Brasil):
_c1987.
300 _a23 p.
500 _a11 illus.; 10 graphs; 11 tables
650 _aEXTENSAO RURAL
650 _aASSISTENCIA TECNICA
650 _aADMINISTRACAO
650 _aRECURSO ECONOMICO
650 _aEMPRESA AGRICOLA
650 _aACRE
909 _a202309
_bLucia
_c55
_dLucia Elande
942 _cBK
999 _c45634
_d45634